A home at the end of the world
| Main Author: | |
|---|---|
| Format: | Book |
| Published: |
London :
Hamish Hamilton ,
1990
|
| Subjects: |
MARC
| LEADER | 00000cam a2200000 7i4500 | ||
|---|---|---|---|
| 001 | 0000062804 | ||
| 005 | 20160510.0 | ||
| 008 | 160510 | ||
| 020 | |a 9780241129095 | ||
| 090 | 0 | 0 | |a CUN |b ENG |
| 100 | 0 | |a Cunningham, Michael | |
| 245 | 1 | 0 | |a A home at the end of the world |c Michael Cunningham |
| 260 | |a London : |b Hamish Hamilton , |c 1990 | ||
| 300 | |a 342p. | ||
| 650 | 0 | |a English fiction | |
| 999 | |a 0000819085 |b Book |c Adult Collection |e Cawangan Segamat | ||
| 999 | |a 0000819954 |b Book |c Adult Collection |e Cawangan Segamat | ||
| 999 | |a 000548382 |b Book |c Adult Collection |e Cawangan Muar | ||